000 00624nam a2200241Ia 4500
003 OSt
005 20220918202850.0
006 a|||||r|||| 00| 0
007 ta
008 220917b |||||||| |||| 00| 0 eng d
024 _a104,437
037 _cTextual
040 _aARTS
_cARTS
_beng
041 _2eng
_aeng
082 _aY:45:691.3.M, M1
100 _aBalley V
_9105629
245 0 _aPolicing and punishment in 19th century
260 _aLondon
_bCroom
_c1981
300 _a248p.
_ccm.
650 _aSOCIOLOGY
942 _hY:45:691.3.M, M1
_cTEXL
_2CC
999 _c227805
_d227805